Normal view
MARC view
- ROBIN, JAMIFER
Entry Personal Name
001 - CONTROL NUMBER
- control field: 86987
003 - CONTROL NUMBER IDENTIFIER
- control field: NUST
005 - DATE AND TIME OF LATEST TRANSACTION
- control field: 20211224120557.0
008 - FIXED-LENGTH DATA ELEMENTS
- fixed length control field: 211224|| aca||aabn | a|a d
040 ## - CATALOGING SOURCE
- Original cataloging agency: NUST
- Transcribing agency: NUST
100 ## - HEADING--PERSONAL NAME
- Personal name: ROBIN, JAMIFER
670 ## - SOURCE DATA FOUND
- Source citation: Work cat.: (NUST): ROBIN, JAMIFER., WEB DESIGN /, 2006.
